[Event "CZE Czechia-ch U12"]
[Site "Harrachov"]
[Date "2009.10.26"]
[Round "3"]
[White "Dolezalova, Lada"]
[Black "Jires, Michal"]
[Result "1-0"]
[WhiteElo "1583"]
[BlackElo "1250"]
[PlyCount "57"]
[EventDate "2009.10.24"]
[EventType "swiss"]
[EventRounds "9"]
[EventCountry "CZE"]
[SourceTitle "EXT 2012"]
[Source "ChessBase"]
[SourceDate "2011.11.24"]
[SourceVersion "1"]
[SourceVersionDate "2011.11.24"]
[SourceQuality "1"]

1. c4 e5 2. e4 Nf6 3. Nc3 Bc5 4. Nf3 Nc6 5. d3 d6 6. Be2 h6 7. Be3 Bb6 8. d4 exd4 9. Nxd4 Nxd4 10. Bxd4 Ba5 11. 0-0 0-0 12. e5 dxe5 13. Bxe5 Qe7 14. Bxf6 Qxf6 15. Nd5 Qg5 16. Ne3 Rd8 17. Qc2 Re8 18. Rad1 Bh3 19. Rd5 Re5 20. f4 Qh4 21. Rxe5 Bb6 22. gxh3 Bxe3+ 23. Rxe3 Qf6 24. Re1 Qxf4 25. Bg4 g6 26. Re8+ Rxe8 27. Rxe8+ Kg7 28. Qc3+ f6 29. Qe3 1-0